000 00814nam a22002777a 4500
003 CHAP
005 20220329134325.0
008 971013c19531938 r 00010 d
010 _a18737
011 _a19709
035 _a23794
040 _cCHAP
082 _a370.1
_bD48e
100 0 0 _aDewey, John.
_932338
245 _aExperience and education
260 _aNew York :
_bMacMillan,
_c1953 (c.1938)
590 _aBATCH-UPD
_b10
_c20130110
_lUCH01
_h1000
590 _aBATCH-UPD
_b10
_c20130410
_lUCH01
_h0611
590 _aBATCH-UPD
_b10
_c20130914
_lUCH01
_h1236
590 _aCONVERSION
_b10
_c20130109
_lUCH01
_h1311
650 1 4 _aEducación
_xFilosofía.
_935446
650 1 4 _aExperiencia.
_939056
901 _aBK
942 _cLIBRO
949 _a370.1 D48e
_bBC
_cLIBRO
_d33724000376596
_eLIBRO
_h7011
_i23794
_si
999 _c18737
_d18737